<?xml version="1.0" encoding="UTF-8"?>
<record
    xmlns:xsi="http://www.w3.org/2001/XMLSchema-instance"
    xsi:schemaLocation="http://www.loc.gov/MARC21/slim http://www.loc.gov/standards/marcxml/schema/MARC21slim.xsd"
    xmlns="http://www.loc.gov/MARC21/slim">

  <leader>00232nam a22000977a 4500</leader>
  <datafield tag="022" ind1=" " ind2=" ">
    <subfield code="a">2230-7834</subfield>
  </datafield>
  <datafield tag="245" ind1=" " ind2=" ">
    <subfield code="a">JOURNAL OF CURRENT PHARMA RESEARCH</subfield>
    <subfield code="b">JCPR</subfield>
  </datafield>
  <datafield tag="260" ind1=" " ind2=" ">
    <subfield code="a">INDIA </subfield>
    <subfield code="b">UNICORN PUB. </subfield>
    <subfield code="c">2015</subfield>
  </datafield>
  <datafield tag="310" ind1=" " ind2=" ">
    <subfield code="a">BIO-MONTHLY</subfield>
  </datafield>
  <datafield tag="942" ind1=" " ind2=" ">
    <subfield code="2">ddc</subfield>
    <subfield code="c">LJ</subfield>
  </datafield>
  <datafield tag="952" ind1=" " ind2=" ">
    <subfield code="0">0</subfield>
    <subfield code="1">0</subfield>
    <subfield code="2">ddc</subfield>
    <subfield code="4">0</subfield>
    <subfield code="7">0</subfield>
    <subfield code="8">FP</subfield>
    <subfield code="a">APL</subfield>
    <subfield code="b">APL</subfield>
    <subfield code="c">REF</subfield>
    <subfield code="d">2015-08-13</subfield>
    <subfield code="e">INNOVATIVE SUB. SERVICES</subfield>
    <subfield code="g">2000.00</subfield>
    <subfield code="h">VOLUME- 5, ISSUE -2 JAN. MARCH - 2015</subfield>
    <subfield code="i">SGTU</subfield>
    <subfield code="l">0</subfield>
    <subfield code="r">2015-08-13 00:00:00</subfield>
    <subfield code="w">2015-04-10</subfield>
    <subfield code="y">LJ</subfield>
    <subfield code="k">ISS.SGT.15/01</subfield>
  </datafield>
  <datafield tag="952" ind1=" " ind2=" ">
    <subfield code="0">0</subfield>
    <subfield code="1">0</subfield>
    <subfield code="2">ddc</subfield>
    <subfield code="4">0</subfield>
    <subfield code="7">0</subfield>
    <subfield code="8">FP</subfield>
    <subfield code="a">APL</subfield>
    <subfield code="b">APL</subfield>
    <subfield code="c">REF</subfield>
    <subfield code="d">2015-08-13</subfield>
    <subfield code="e">INNOVATIVE SUB. SERVICES</subfield>
    <subfield code="h">VOLUME- 5, ISSUE -3 APRIL-JUNE  - 2015</subfield>
    <subfield code="i">SGTU</subfield>
    <subfield code="l">0</subfield>
    <subfield code="r">2015-08-13 00:00:00</subfield>
    <subfield code="w">2015-08-13</subfield>
    <subfield code="y">LJ</subfield>
  </datafield>
  <datafield tag="999" ind1=" " ind2=" ">
    <subfield code="c">7677</subfield>
    <subfield code="d">7677</subfield>
  </datafield>
</record>
